000 01465nam0a2200373 4500
001 RU\NLR\bibl\1497543
005 20250616014757.0
010 _a5-94282-189-5
_91000
035 _a(nilc)EL/0000004245
035 _a(NLR Aleph) 001489031
090 _a1751756
_c1751756
100 _a20040916d2003 |||y0rusy50 ca
101 1 _arus
_afre
_cfre
102 _aRU
105 _ay |||||||||
200 1 _aДуша
_dL'âme
_e[стихотворения]
_fКристиан Прижан
_gпер. с фр. [и вступ. ст.] Ирины Карпинской
_zfre
210 _aМосква
_cОГИ
_d2003
215 _a235, [1] с.
_d19
225 1 _aProgramme A. Pouchkine
_fред. Григорий Дашевский
300 _aАвт. также на фр. яз.: Cristian Prigent
300 _aПарал. текст: рус., фр.
320 _aБиблиогр.: с. 19-21
320 _aПроизведения Кристиана Прижана: с. 234-235
510 1 _6z73790
_aL'âme
_zfre
686 _a84(4Фра)-5
_vLBC/RL
_2rubbk
686 _aШ6(4Фр)67-5я44{Лх1649-175}
700 1 _aПрижан
_bК.
_gКристиан
_4070
702 1 _aКарпинская
_bИ.
_gИрина
_4730
790 1 _6z73510
_aPrigent
_bC.
_gCristian
_4070
801 0 _aRU
_bСвердловская ОУНБ
_c20040916
_gPSBO
801 1 _aRU
_bСвердловская ОУНБ
_c20040916
801 2 _aRU
_bNLR
_c20100304
_grcr
942 _cBOOK
980 _aNB